|
|
|
|
| LEADER |
00000nas a22000001a 4500 |
| 001 |
vtls010300033 |
| 003 |
SK-MaSNL |
| 005 |
20260228162438.0 |
| 008 |
110810d19421945xo dr n r 0 b0slo |
| 015 |
|
|
|a SNBDS17XX9999
|
| 015 |
|
|
|a 0059
|2 Fedor 1939-44
|
| 038 |
|
|
|a SNKBUDS
|
| 040 |
|
|
|a SNK
|b slo
|c SNK
|e AACR2
|
| 041 |
0 |
|
|a slo
|
| 044 |
|
|
|a xo
|c SK
|
| 245 |
0 |
0 |
|a Denný prehľad zahraničnej tlače
|
| 260 |
|
|
|a Bratislava
|b Tlačový odbor Úradu propagandy
|c 1942-1945
|
| 300 |
|
|
|a 4 roč.
|c 30 x 22 cm
|
| 310 |
|
|
|a Denne
|
| 362 |
0 |
|
|a Rok 1942, č. 1 (1942)-rok 1945, č. 32 (9.2.1945)
|
| 500 |
|
|
|a Vych. v Bratislave (denne)
|
| 500 |
|
|
|a Vyd. Tlačový odbor Úradu propagandy v Bratislave
|
| 500 |
|
|
|a Rozmnož. cyklostylom (ormigom)
|
| 505 |
8 |
0 |
|g Rok 1942 292 čís. priem. po 15 s.
|
| 505 |
8 |
0 |
|g Rok 1943 297 čís. priem. po 15 s.
|
| 505 |
8 |
0 |
|g Rok 1944 292 čís. priem. po 15 s.
|
| 505 |
8 |
0 |
|g Rok 1945 32 čís. priem. po 10 s. (čís. 32, z 9. 2. v ŠÚA)
|
| 520 |
|
|
|a Bulletin tlačovej služby, určený pre informáciu úradov a zodpovedných vedúcich tlače
|
| 650 |
0 |
7 |
|a bulletiny tlačových služieb
|2 SNKBUDS
|9 269314
|
| 650 |
0 |
7 |
|a politika
|2 SNKPH
|9 968
|
| 655 |
|
7 |
|a tlačové bulletiny
|2 SNKBUDS
|9 269315
|
| 655 |
|
7 |
|a propagačné časopisy
|2 SNKBUDS
|9 271085
|
| 710 |
2 |
|
|a Úrad propagandy
|b tlačový odbor Bratislava
|e vydav.
|9 271087
|
| 852 |
|
|
|a SNK
|b 10000
|h ČSB 327
|
| 852 |
|
|
|a SNK
|b 10000
|h ČSB 1367
|
| 999 |
|
|
|c 7889
|d 9819
|
| 952 |
|
|
|0 0
|1 0
|4 0
|7 0
|a SNK
|b SNK
|d 2015-04-16
|i snkV. 286/44
|l 0
|o snkČSB 1367/1944/1 D1
|p 17A0835820
|r 2026-02-21 21:25:32
|t č. 1-15
|w 2026-02-21
|y PREZ
|z č. 1-15
|
| 952 |
|
|
|0 0
|1 0
|4 0
|7 0
|a SNK
|b SNK
|d 2015-04-16
|i snkV. 300/44
|l 0
|o snkČSB 1367/1944/2 D1
|p 17A0835815
|r 2026-02-21 21:25:32
|t č. 16-30
|w 2026-02-21
|y PREZ
|z č. 16-30
|
| 952 |
|
|
|0 0
|1 0
|4 0
|7 0
|a SNK
|b SNK
|d 2015-04-16
|i snkV. 314/44
|l 0
|o snkČSB 1367/1944/3 D1
|p 17A0835813
|r 2026-02-21 21:25:32
|t č. 31-60
|w 2026-02-21
|y PREZ
|z chýba č. 55-60
|
| 952 |
|
|
|0 0
|1 0
|4 0
|7 0
|a SNK
|b SNK
|d 2015-04-16
|i snkV. 327/44
|l 0
|o snkČSB 1367/1944/4 D1
|p 17A0835797
|r 2026-02-21 21:25:32
|t č. 44-54
|w 2026-02-21
|y PREZ
|z č. 44-54
|
| 952 |
|
|
|0 0
|1 0
|4 0
|7 0
|8 5
|a SNK
|b SNK
|d 2015-04-16
|i snkF 182/70
|l 0
|o snkČSB 1367/1944/5 D117A0835795
|p 17A0835795
|r 2026-02-21 21:25:32
|t č. 96-267, neúplný
|w 2026-02-21
|y PREZ
|z chýba č. 97-160, 183, 186-215, 220-224, 227-256, 258-267
|
| 952 |
|
|
|0 0
|1 0
|4 0
|7 0
|a SNK
|b SNK
|d 2015-04-16
|i snkV. 464/44
|l 0
|o snkČSB 1367/1944/6 D1
|p 17A0844138
|r 2026-02-21 21:25:32
|t č. 174-268
|w 2026-02-21
|y PREZ
|z č. 174-268
|
| 952 |
|
|
|0 0
|1 0
|4 0
|7 0
|a SNK
|b SNK
|d 2015-04-16
|i snk 448/43
|l 0
|o snkČSB 327/1/1943
|p 17A0712938
|r 2026-02-21 21:25:35
|t č. 1-10
|w 2026-02-21
|y PREZ
|z č. 1-10
|
| 952 |
|
|
|0 0
|1 0
|4 0
|7 0
|a SNK
|b SNK
|d 2015-04-16
|l 0
|o snkČSB 327/2/1943
|p 17A0712937
|r 2026-02-21 21:25:35
|t č. 11-20
|w 2026-02-21
|y PREZ
|z č. 11-20
|
| 952 |
|
|
|0 0
|1 0
|4 0
|7 0
|a SNK
|b SNK
|d 2015-04-16
|l 0
|o snkČSB 327/3/1943
|p 17A0712935
|r 2026-02-21 21:25:35
|t č. 21-30
|w 2026-02-21
|y PREZ
|z č. 21-30
|
| 952 |
|
|
|0 0
|1 0
|4 0
|7 0
|a SNK
|b SNK
|d 2015-04-16
|l 0
|o snkČSB 327/4/1943
|p 17A0712934
|r 2026-02-21 21:25:46
|t č. 31-40
|w 2026-02-21
|y PREZ
|z č. 31-40
|
| 952 |
|
|
|0 0
|1 0
|4 0
|7 0
|a SNK
|b SNK
|d 2015-04-16
|l 0
|o snkČSB 327/5/1943
|p 17A0712933
|r 2026-02-21 21:25:46
|t č. 41-50
|w 2026-02-21
|y PREZ
|z č. 41-50
|
| 952 |
|
|
|0 0
|1 0
|4 0
|7 0
|a SNK
|b SNK
|d 2015-04-16
|l 0
|o snkČSB 327/6/1943
|p 17A0712932
|r 2026-02-21 21:25:46
|t č. 51-60
|w 2026-02-21
|y PREZ
|z č. 51-60
|
| 952 |
|
|
|0 0
|1 0
|4 0
|7 0
|a SNK
|b SNK
|d 2015-04-16
|l 0
|o snkČSB 327/7/1943
|p 17A0712931
|r 2026-02-21 21:25:46
|t č. 61-70
|w 2026-02-21
|y PREZ
|z č. 61-70
|
| 952 |
|
|
|0 0
|1 0
|4 0
|7 0
|a SNK
|b SNK
|d 2015-04-16
|l 0
|o snkČSB 327/8/1943
|p 17A0712930
|r 2026-02-21 21:25:46
|t č. 71-80
|w 2026-02-21
|y PREZ
|z č. 71-80
|
| 952 |
|
|
|0 0
|1 0
|4 0
|7 0
|a SNK
|b SNK
|d 2015-04-16
|l 0
|o snkČSB 327/9/1943
|p 17A0712929
|r 2026-02-21 21:25:46
|t č. 81-90
|w 2026-02-21
|y PREZ
|z č. 81-90
|
| 952 |
|
|
|0 0
|1 0
|4 0
|7 0
|a SNK
|b SNK
|d 2015-04-16
|l 0
|o snkČSB 327/10/1943
|p 17A0712927
|r 2026-02-21 21:25:46
|t č. 91-100
|w 2026-02-21
|y PREZ
|z č. 91-100
|
| 952 |
|
|
|0 0
|1 0
|4 0
|7 0
|a SNK
|b SNK
|d 2015-04-16
|l 0
|o snkČSB 327/11/1943
|p 17A0712926
|r 2026-02-21 21:25:46
|t č. 101-110
|w 2026-02-21
|y PREZ
|z č. 101-110
|
| 952 |
|
|
|0 0
|1 0
|4 0
|7 0
|a SNK
|b SNK
|d 2015-04-16
|l 0
|o snkČSB 327/12/1943
|p 17A0712925
|r 2026-02-21 21:25:46
|t č. 111-120
|w 2026-02-21
|y PREZ
|z č. 111-120
|
| 952 |
|
|
|0 0
|1 0
|4 0
|7 0
|a SNK
|b SNK
|d 2015-04-16
|l 0
|o snkČSB 327/13/1943
|p 17A0712924
|r 2026-02-21 21:25:46
|t č. 121-130
|w 2026-02-21
|y PREZ
|z č. 121-130
|
| 952 |
|
|
|0 0
|1 0
|4 0
|7 0
|a SNK
|b SNK
|d 2015-04-16
|l 0
|o snkČSB 327/14/1943
|p 17A0712923
|r 2026-02-21 21:25:46
|t č. 131-140
|w 2026-02-21
|y PREZ
|z č. 131-140
|
| 952 |
|
|
|0 0
|1 0
|4 0
|7 0
|a SNK
|b SNK
|d 2015-04-16
|l 0
|o snkČSB 327/15/1943
|p 17A0712922
|r 2026-02-21 21:25:46
|t č. 141-150
|w 2026-02-21
|y PREZ
|z č. 141-150
|
| 952 |
|
|
|0 0
|1 0
|4 0
|7 0
|a SNK
|b SNK
|d 2015-04-16
|l 0
|o snkČSB 327/16/1943
|p 17A0712921
|r 2026-02-21 21:25:46
|t č. 151-160
|w 2026-02-21
|y PREZ
|z č. 151-160
|
| 952 |
|
|
|0 0
|1 0
|4 0
|7 0
|a SNK
|b SNK
|d 2015-04-16
|l 0
|o snkČSB 327/17/1943
|p 17A0712918
|r 2026-02-21 21:25:46
|t č. 161-170
|w 2026-02-21
|y PREZ
|z č. 161-170
|
| 952 |
|
|
|0 0
|1 0
|4 0
|7 0
|a SNK
|b SNK
|d 2015-04-16
|l 0
|o snkČSB 327/18/1943
|p 17A0712917
|r 2026-02-21 21:25:46
|t č. 171-179
|w 2026-02-21
|y PREZ
|z č. 171-179
|
| 952 |
|
|
|0 0
|1 0
|4 0
|7 0
|a SNK
|b SNK
|d 2015-04-16
|l 0
|o snkČSB 327/19/1943
|p 17A0712916
|r 2026-02-21 21:25:47
|t č. 181-190
|w 2026-02-21
|y PREZ
|z č. 181-190
|
| 952 |
|
|
|0 0
|1 0
|4 0
|7 0
|a SNK
|b SNK
|d 2015-04-16
|l 0
|o snkČSB 327/20/1943
|p 17A0712915
|r 2026-02-21 21:25:47
|t č. 191-200
|w 2026-02-21
|y PREZ
|z č. 191-200
|
| 952 |
|
|
|0 0
|1 0
|4 0
|7 0
|a SNK
|b SNK
|d 2015-04-16
|l 0
|o snkČSB 327/21/1943
|p 17A0712913
|r 2026-02-21 21:25:47
|t č. 201-210
|w 2026-02-21
|y PREZ
|z č. 201-210
|
| 952 |
|
|
|0 0
|1 0
|4 0
|7 0
|a SNK
|b SNK
|d 2015-04-16
|l 0
|o snkČSB 327/22/1943
|p 17A0712866
|r 2026-02-21 21:25:47
|t č. 211-220
|w 2026-02-21
|y PREZ
|z č. 211-220
|
| 952 |
|
|
|0 0
|1 0
|4 0
|7 0
|a SNK
|b SNK
|d 2015-04-16
|l 0
|o snkČSB 327/23/1943
|p 17A0712809
|r 2026-02-21 21:25:47
|t č. 222-230
|w 2026-02-21
|y PREZ
|z č. 222-230
|
| 952 |
|
|
|0 0
|1 0
|4 0
|7 0
|a SNK
|b SNK
|d 2015-04-16
|l 0
|o snkČSB 327/24/1943
|p 17A0712808
|r 2026-02-21 21:25:47
|t č. 231-240
|w 2026-02-21
|y PREZ
|z č. 231-240
|
| 952 |
|
|
|0 0
|1 0
|4 0
|7 0
|a SNK
|b SNK
|d 2015-04-16
|l 0
|o snkČSB 327/25/1943
|p 17A0711001
|r 2026-02-21 21:25:47
|t č. 241-250
|w 2026-02-21
|y PREZ
|z č. 241-250
|
| 952 |
|
|
|0 0
|1 0
|4 0
|7 0
|a SNK
|b SNK
|d 2015-04-16
|l 0
|o snkČSB 327/26/1943
|p 17A0711002
|r 2026-02-21 21:25:47
|t č. 251-260
|w 2026-02-21
|y PREZ
|z č. 251-260
|
| 952 |
|
|
|0 0
|1 0
|4 0
|7 0
|a SNK
|b SNK
|d 2015-04-16
|l 0
|o snkČSB 327/27/1943
|p 17A0711003
|r 2026-02-21 21:25:47
|t č. 261-270
|w 2026-02-21
|y PREZ
|z č. 261-270
|
| 952 |
|
|
|0 0
|1 0
|4 0
|7 0
|a SNK
|b SNK
|d 2015-04-15
|i snkČSF 11/56
|l 0
|o snkČSB 1367/1942
|p 17A0750306
|r 2026-02-21 21:25:51
|t č. 285-292
|w 2026-02-21
|y PREZ
|z R. 1942 č. 285-292 a č. 180 z roku 1943 (len jedno číslo)
|
| 952 |
|
|
|0 0
|1 0
|4 0
|7 0
|a SNK
|b SNK
|d 2015-04-16
|l 0
|o snkČSB 327/28/1943
|p 17A0711004
|r 2026-02-21 21:25:54
|t č. 271-280
|w 2026-02-21
|y PREZ
|z č. 271-280
|
| 952 |
|
|
|0 0
|1 0
|4 0
|7 0
|a SNK
|b SNK
|d 2015-04-16
|l 0
|o snkČSB 327/29/1943
|p 17A0711005
|r 2026-02-21 21:25:54
|t č. 281-290
|w 2026-02-21
|y PREZ
|z č. 281-290
|
| 952 |
|
|
|0 0
|1 0
|4 0
|7 0
|a SNK
|b SNK
|d 2015-04-16
|l 0
|o snkČSB 327/30/1943
|p 17A0711008
|r 2026-02-21 21:25:54
|t č. 291-297
|w 2026-02-21
|y PREZ
|
| 952 |
|
|
|0 0
|1 0
|4 0
|7 0
|8 5
|a SNK
|b SNK
|d 2015-04-16
|i snkF 498/69
|l 0
|o snkČSB 1367/1943/1
|p 17A0750305
|r 2026-02-21 21:25:55
|t č. 55-66, 147
|w 2026-02-21
|y PREZ
|z č. 55-66, 147
|
| 952 |
|
|
|0 0
|1 0
|4 0
|7 0
|8 5
|a SNK
|b SNK
|d 2015-04-16
|i snkF 181/70
|l 0
|o snkČSB 327/1943/2
|p 17A0750304
|r 2026-02-21 21:25:55
|t č. 268-297
|w 2026-02-21
|y PREZ
|z chýba č. 277, 279
|
| 952 |
|
|
|0 0
|1 0
|4 0
|7 0
|a SNK
|b SNK
|d 2015-04-16
|i snkV. 271/44
|l 0
|o snkČSB 327/1943/3
|p 17A0750310
|r 2026-02-21 21:25:55
|t č. 283-297
|w 2026-02-21
|y PREZ
|z č. 283-297
|
| 952 |
|
|
|0 0
|1 0
|4 0
|7 0
|8 5
|a SNK
|b SNK
|d 2015-04-16
|i snkČSF 12/56
|l 0
|o snkČSB 1367/1944/1
|p 17A0750309
|r 2026-02-21 21:25:55
|t č. 1-10
|w 2026-02-21
|y PREZ
|z č. 1-10
|
| 952 |
|
|
|0 0
|1 0
|4 0
|7 0
|a SNK
|b SNK
|d 2015-04-16
|l 0
|o snkČSB 1367/1944/2
|p 17A0750308
|r 2026-02-21 21:25:55
|t č. 11-20
|w 2026-02-21
|y PREZ
|z č. 11-20
|
| 952 |
|
|
|0 0
|1 0
|4 0
|7 0
|a SNK
|b SNK
|d 2015-04-16
|l 0
|o snkČSB 1367/1944/3
|p 17A0750313
|r 2026-02-21 21:25:55
|t č. 21-30
|w 2026-02-21
|y PREZ
|z č. 21-30
|
| 952 |
|
|
|0 0
|1 0
|4 0
|7 0
|a SNK
|b SNK
|d 2015-04-16
|l 0
|o snkČSB 1367/1944/4
|p 17A0750312
|r 2026-02-21 21:25:55
|t č. 31-40
|w 2026-02-21
|y PREZ
|z č. 31-40
|
| 952 |
|
|
|0 0
|1 0
|4 0
|7 0
|a SNK
|b SNK
|d 2015-04-16
|l 0
|o snkČSB 1367/1944/5
|p 17A0750311
|r 2026-02-21 21:25:55
|t č. 41-50
|w 2026-02-21
|y PREZ
|z č. 41-50
|
| 952 |
|
|
|0 0
|1 0
|4 0
|7 0
|a SNK
|b SNK
|d 2015-04-16
|l 0
|o snkČSB 1367/1944/6
|p 17A0750317
|r 2026-02-21 21:25:55
|t č. 51-60
|w 2026-02-21
|y PREZ
|z č. 51-60
|
| 952 |
|
|
|0 0
|1 0
|4 0
|7 0
|a SNK
|b SNK
|d 2015-04-16
|l 0
|o snkČSB 1367/1944/7
|p 17A0750316
|r 2026-02-21 21:25:55
|t č. 61-70
|w 2026-02-21
|y PREZ
|z č. 61-70
|
| 952 |
|
|
|0 0
|1 0
|4 0
|7 0
|a SNK
|b SNK
|d 2015-04-16
|l 0
|o snkČSB 327/1944/8
|p 17A0750315
|r 2026-02-21 21:25:55
|t č. 71-80
|w 2026-02-21
|y PREZ
|z č. 71-80
|
| 952 |
|
|
|0 0
|1 0
|4 0
|7 0
|a SNK
|b SNK
|d 2015-04-16
|l 0
|o snkČSB 1367/1944/9
|p 17A0750314
|r 2026-02-21 21:25:55
|t č. 81-90
|w 2026-02-21
|y PREZ
|z č. 81-90
|
| 952 |
|
|
|0 0
|1 0
|4 0
|7 0
|a SNK
|b SNK
|d 2015-04-16
|i snk 370/44
|l 0
|o snkČSB 1367/1944/10
|p 17A0750300
|r 2026-02-21 21:25:55
|t č. 91-100
|w 2026-02-21
|y PREZ
|z chýba č. 96
|
| 952 |
|
|
|0 0
|1 0
|4 0
|7 0
|a SNK
|b SNK
|d 2015-04-16
|i snkV. 377/44
|l 0
|o snkČSB 1367/1944/11
|p 17A0750299
|r 2026-02-21 21:25:55
|t č. 101-110
|w 2026-02-21
|y PREZ
|z č. 101-110
|
| 952 |
|
|
|0 0
|1 0
|4 0
|7 0
|a SNK
|b SNK
|d 2015-04-16
|i snkV. 387/44
|l 0
|o snkČSB 1367/1944/12
|p 17A0750298
|r 2026-02-21 21:25:55
|t č. 111-120
|w 2026-02-21
|y PREZ
|z č. 111-120
|
| 952 |
|
|
|0 0
|1 0
|4 0
|7 0
|a SNK
|b SNK
|d 2015-04-16
|i snkV. 397/44
|l 0
|o snkČSB 1367/1944/13
|p 17A0750297
|r 2026-02-21 21:25:55
|t č. 121-126
|w 2026-02-21
|y PREZ
|z č. 121-126
|
| 952 |
|
|
|0 0
|1 0
|4 0
|7 0
|a SNK
|b SNK
|d 2015-04-16
|i snkV. 402/44
|l 0
|o snkČSB 1367/1944/14
|p 17A0750296
|r 2026-02-21 21:25:55
|t č. 142-150
|w 2026-02-21
|y PREZ
|z č. 142-150
|
| 952 |
|
|
|0 0
|1 0
|4 0
|7 0
|a SNK
|b SNK
|d 2015-04-16
|i snkV. 441/44
|l 0
|o snkČSB 1367/1944/15
|p 17A0750295
|r 2026-02-21 21:25:55
|t č. 151-160
|w 2026-02-21
|y PREZ
|z č. 151-160
|